00503nam a2200181Ii 45000010005000000030009000050080041000140400033000550410008000880820020000961000017001162450052001332640043001853000012002283360026002403370028002663380027002942556CO-ViMGA241108s9999||||xx |||||||||||||| ||und|| aCO-ViMGAbspaerdacCO-ViMGA0 aspa04aFA 861.6 - N37m1 aPablo Neruda10aMemorial de isla negra I:bDonde nace la lluvia 1aBuenos Aires, Argentina : Losada, 1964 avolumen atextbtxt2rdacontent aunmediatedbn2rdamedia avolumebnc2rdacarrier